Basic business statistics: (Record no. 14069)
[ view plain ]
| 000 -LEADER | |
|---|---|
| fixed length control field | 00538nam a22001817a 4500 |
| 003 - CONTROL NUMBER IDENTIFIER | |
| control field | URS |
| 005 - DATE AND TIME OF LATEST TRANSACTION | |
| control field | 20220114171532.0 |
| 008 - FIXED-LENGTH DATA ELEMENTS--GENERAL INFORMATION | |
| fixed length control field | 170323b xxu||||| |||| 00| 0 eng d |
| 020 ## - INTERNATIONAL STANDARD BOOK NUMBER | |
| International Standard Book Number | 9812445013 |
| 050 ## - LIBRARY OF CONGRESS CALL NUMBER | |
| Classification number | HF1017 |
| Item number | B489 2002 |
| 100 ## - MAIN ENTRY--PERSONAL NAME | |
| Personal name | Berenson, Mark L. |
| Relator code | author |
| 245 ## - TITLE STATEMENT | |
| Title | Basic business statistics: |
| Remainder of title | concepts and applications |
| Statement of responsibility, etc. | Mark L. Berenson...[et.al.] |
| 250 ## - EDITION STATEMENT | |
| Edition statement | Eighth Edition |
| 260 ## - PUBLICATION, DISTRIBUTION, ETC. | |
| Place of publication, distribution, etc. | New Jersey |
| Name of publisher, distributor, etc. | Prentice-Hall |
| Date of publication, distribution, etc. | 2002 |
| 300 ## - PHYSICAL DESCRIPTION | |
| Extent | xx, 851 pages; |
| Dimensions | 23 cm. |
| 700 ## - ADDED ENTRY--PERSONAL NAME | |
| Relator code | author |
| Personal name | Levine, David M. |
| 942 ## - ADDED ENTRY ELEMENTS (KOHA) | |
| Koha item type | Foreign Books |
| Source of classification or shelving scheme | Library of Congress Classification |
| Withdrawn status | Source of classification or shelving scheme | Damaged status | Not for loan | Collection code | Home library | Current library | Shelving location | Date acquired | Total Checkouts | Full call number | Barcode | Date last seen | Price effective from | Koha item type |
|---|---|---|---|---|---|---|---|---|---|---|---|---|---|---|
| Library of Congress Classification | Non-fiction | Binangonan College Library | Binangonan College Library | Foreign Section | 06/07/2023 | HF1017 B489 2002 | URSBIN-0669 | 03/01/2016 | 03/01/2016 | Foreign Books | ||||
| Library of Congress Classification | Non-fiction | Binangonan College Library | Binangonan College Library | Foreign Section | 06/07/2023 | HF1017 B489 2002 | URSBIN-0555 | 05/02/2016 | 05/02/2016 | Foreign Books |